Galería de retratos de los Gobernantes del Perú independiente: 1821-1871
Збережено в:
| Автори: | , , |
|---|---|
| Формат: | Книга |
| Мова: | Іспанська |
| Опубліковано: |
Barcelona
Maucci
1909
|
| Редагування: | 1a. ed |
| Предмети: | |
| Теги: |
Додати тег
Немає тегів, Будьте першим, хто поставить тег для цього запису!
|
MARC
| LEADER | 00000nam a2200000 a 4500 | ||
|---|---|---|---|
| 001 | UCJ6379 | ||
| 003 | CL-VaPUC | ||
| 008 | 070124e19090000SP |||||||||||||||||spa|d | ||
| 082 | 0 | 4 | |a 985 |b VIV |2 21 |
| 100 | 0 | |a Vivero, Domingo de |e author |9 512976 | |
| 700 | 0 | |a Valle, J. A. de la |e author |9 512977 | |
| 700 | 0 | |a Lozano, David |e author |9 512978 | |
| 245 | 1 | 0 | |a Galería de retratos de los Gobernantes del Perú independiente: 1821-1871 |
| 250 | |a 1a. ed | ||
| 300 | |a 84 p | ||
| 942 | |c BK | ||
| 945 | |d 20070124 00:00:00 |a rinostro | ||
| 260 | |a Barcelona |b Maucci |c 1909 | ||
| 500 | |a Iconografía conforme a lo señalado en índice | ||
| 500 | |a Láminas por David Lozano | ||
| 650 | 0 | |a Biografías |9 255210 | |
| 650 | 7 | |a PRESIDENTES DEL PERU |2 CL-VaPUC |9 509572 | |
| 650 | 0 | |a Iconografía |9 267998 | |
| 651 | 0 | |a Perú |9 256567 | |
| 583 | |a last modification |c 20121220 08:38:51 |k Rodrigo Vera | ||
| 999 | |c 322485 |d 322483 | ||
| 952 | |0 0 |1 0 |4 0 |6 985_000000000000000_VIV_1909 |7 0 |8 X |9 401486 |a FDOBUD |b FDOBUD |d 2019-11-22 |i 1047329 |o 985 VIV 1909 |p 1047329 |r 2019-11-22 |w 2019-11-22 |y BK_X |k BUD | ||